[Event "Tournament (open) (d)"]
[Site "masterchessopen.com - Anapa (Russia)"]
[Round "8"]
[White "Kruglikov Vladislav (RUS)"]
[Black "Kondzhorian Sona (RUS)"]
[Result "1-0"]
[WhiteElo "1983"]
[BlackElo "1857"]

1.d4 Nf6 2.c4 c5 3.d5 e6 4.Nc3 exd5 5.cxd5 d6 6.Nf3 g6 7.e4 Bg7 8.Bg5 a6 9.a4
h6 10.Bh4 O-O 11.Bd3 Bg4 12.h3 Bxf3 13.Qxf3 Nbd7 14.O-O Ne5 15.Qe2 Qd7 16.Bc2
Qc7 17.f4 Ned7 18.e5 Nh7 19.e6 Ndf6 20.f5 g5 21.Bg3 c4 22.Bf2 Rac8 23.a5 Qe7
24.Rfd1 Rc7 25.Ba4 Rcc8 26.Rac1 Qc7 27.Bb6 Qe7 28.Na2 Ne8 29.Bd7 Rb8 30.Rxc4
Nef6 31.Ba4 Rfc8 32.Nc3 Rxc4 33.Qxc4 Nh5 34.Qc7 Qxc7 35.Bxc7 Rc8 36.Bxd6 fxe6
37.fxe6 N5f6 38.Bb4 Nf8 39.e7 N8d7 40.d6 Kf7 41.Bxd7 Nxd7 42.Nd5 Bxb2 43.Nc7
Bf6 44.Re1 Be5 45.e8=Q+ Rxe8 46.Nxe8 Kxe8 47.Bc3 Kf7 48.Bxe5 Ke6 49.Bg3+ Kd5
50.Re7 Nc5 51.d7 Nxd7 52.Rxd7+ {#r} 1-0

[Event "It (open)"]
[Site "masterchessopen.com - Anapa (Russia)"]
[Date "2008.09.03"]
[Round "4"]
[White "Frolov Lev (RUS)"]
[Black "Rudakov Aleksandr (RUS)"]
[Result "0-1"]
[WhiteElo "1726"]
[BlackElo "1942"]

1.d4 Nf6 2.c4 c5 3.d5 e6 4.Nc3 exd5 5.cxd5 d6 6.e4 g6 7.Nf3 Bg7 8.Bg5 a6 9.Be2
O-O 10.O-O Re8 11.Qc2 b5 12.a3 h6 13.Be3 Bg4 14.h3 Bxf3 15.Bxf3 Nbd7 16.Rac1
Rc8 17.Qd2 Kh7 18.b4 cxb4 19.axb4 Ne5 20.Be2 Nc4 21.Bxc4 Rxc4 22.f3 Rxb4
23.Ra1 Qc8 24.Ra5 Rc4 25.Rc1 Qb7 26.Na2 Rxc1+ 27.Nxc1 Nd7 28.Nd3 Ne5 29.Nxe5
Bxe5 30.Bd4 Bg3 31.Bf2 Bxf2+ 32.Qxf2 b4 33.Ra1 Ra8 34.Qb2 a5 35.Qf6 Ra6 36.Rb1
Kg8 37.Rc1 Qd7 38.Rc6 Rxc6 39.dxc6 Qxc6 40.Qd8+ Kg7 41.Qxa5 Qc5+ {#R} 0-1

[Event "Memorial Georgiev-Kesarovski (open)"]
[Site "masterchessopen.com - Sunny Beach (Bulgaria)"]
[Date "2008.09.12"]
[Round "7"]
[White "Ivanov Ljubomir (BUL)"]
[Black "Mitrev Kiril (BUL)"]
[Result "0-1"]
[WhiteElo "1964"]
[BlackElo "2103"]

1.d4 Nf6 2.c4 e6 3.Nf3 c5 4.d5 exd5 5.cxd5 d6 6.Nc3 g6 7.Bg5 Bg7 8.e4 O-O
9.Bd3 Bg4 10.h3 Bxf3 11.gxf3 Nbd7 12.f4 a6 13.a4 Qa5 14.O-O Rae8 15.Re1 h6
16.Bh4 Nh5 17.Qd2 Qb4 18.f3 Qd4+ 19.Bf2 Qf6 20.Be3 Qh4 21.Qh2 b6 22.Bxa6 Bd4
23.Bxd4 cxd4 24.Ne2 Nc5 25.Bb5 d3 26.b4 Nb3 27.Bxd3 Nxa1 28.Rxa1 Qf6 29.Ra2
Rc8 30.Qf2 Nxf4 31.Nxf4 Qxf4 32.a5 bxa5 33.bxa5 Rc3 34.Be2 f5 35.a6 fxe4 36.a7
Ra3 37.Rxa3 Qc1+ 38.Kh2 Qxa3 39.Qg1 Kh7 40.fxe4 Rf7 41.Qg3 Qxa7 {#R} 0-1

[Event "Ch Germany (juniors) (club) (under 20) (w)"]
[Site "masterchessopen.com - Arendsee (Germany)"]
[Date "2008.12.28"]
[Round "3"]
[White "Hiller Vanessa (GER)"]
[Black "Micklich Rahel (GER)"]
[Result "0-1"]
[WhiteElo "1617"]
[BlackElo "1779"]

1.d4 Nf6 2.c4 e6 3.Nf3 c5 4.d5 exd5 5.cxd5 d6 6.Nc3 g6 7.Bg5 Bg7 8.e4 a6 9.a4
Bg4 10.h3 Bxf3 11.Qxf3 Nbd7 12.Bd3 Ne5 13.Qd1 O-O 14.O-O c4 15.Be2 Qb6 16.Qc2
Rac8 17.Be3 Qa5 18.Rad1 Ned7 19.Rd4 Nb6 20.Rdd1 Rfe8 21.f3 Nh5 22.Bd4 Bxd4+
23.Rxd4 Qc5 24.Rd1 Nf4 25.Kh2 Re5 26.Bf1 g5 27.R4d2 Nh5 28.Nb1 Qe3 29.Qc3 Qf4+
30.Kh1 Ng3+ 31.Kg1 Nxf1 32.Rxf1 Nxa4 33.Qb4 Nc5 34.Qxc4 Qe3+ 35.Kh1 Qb3 36.Rc1
Qxc4 37.Rxc4 b5 38.Rc3 b4 39.Rc4 a5 40.Rdc2 Re7 41.Nd2 Rb8 42.Rxc5 dxc5
43.Rxc5 Ra8 44.d6 Rd7 45.Nc4 Ra6 46.Rxg5+ Kf8 47.Rb5 Rdxd6 48.Nxd6 Rxd6
49.Rxa5 Rd2 50.Kg1 Rxb2 51.Kf1 b3 52.Ke1 Rxg2 53.Rb5 b2 54.Kd1 h5 55.h4 Rh2
56.Rb6 Rxh4 57.Rxb2 Rh1+ {#R} 0-1

[Event "Tournament (open)"]
[Site "masterchessopen.com - Rio de Janeiro (Brazil)"]
[Date "2009.01.23"]
[Round "2"]
[White "Rovedo Salomao (BRA)"]
[Black "Brunner Alfonso (ESP)"]
[Result "0-1"]
[WhiteElo "1787"]
[BlackElo "2045"]

1.d4 Nf6 2.c4 c5 3.d5 e6 4.Nc3 exd5 5.cxd5 d6 6.e4 g6 7.Bg5 Bg7 8.Nf3 O-O
9.Qc2 Re8 10.Bd3 a6 11.a4 Nbd7 12.O-O Qc7 13.Rfc1 Ng4 14.Qd1 Nge5 15.Nxe5 Nxe5
16.Bf1 b6 17.h3 f5 18.Qc2 fxe4 19.Nxe4 Bf5 20.Bf4 Nf7 21.Bd3 c4 22.Qd2 Rxe4
23.Bxe4 Bxe4 24.f3 Bf5 25.g4 Bd7 26.Kg2 Re8 27.Kf1 Ne5 28.Bxe5 Bxe5 29.Re1 Rf8
30.Kg2 Qd8 {#R} 0-1

[Event "NRW Klasse 1 2008/09"]
[Site "masterchessopen.com - Germany"]
[Date "2009.02.01"]
[Round "6"]
[White "Gruettemeier Uwe (GER)"]
[Black "Weber Franz-Josef (GER)"]
[Result "1-0"]
[WhiteElo "2165"]
[BlackElo "2096"]

1.d4 c5 2.d5 e6 3.c4 exd5 4.cxd5 d6 5.Nc3 g6 6.e4 Nf6 7.Nf3 Bg7 8.Bg5 O-O
9.Nd2 a6 10.Be2 Nbd7 11.Qc2 Re8 12.O-O Ne5 13.f4 Neg4 14.Bxg4 Bxg4 15.Rae1 h6
16.Bh4 Qc7 17.h3 Bd7 18.e5 dxe5 19.fxe5 Rxe5 20.Bg3 Nh5 21.Bxe5 Bxe5 22.Nf3
Bg3 23.Re7 Qd6 24.Qe2 Kf8 25.Ne5 Bf5 26.Rxf7+ Kg8 27.R1xf5 gxf5 28.Qxh5 Bxe5
29.Qxf5 Bd4+ 30.Kh1 Bg7 31.Ne4 Qd8 32.Qg6 Qf8 33.Nf6+ {#r} 1-0

[Event "It (open) (b)"]
[Site "masterchessopen.com - Voronezh (Russia)"]
[Date "2009.06.16"]
[Round "5"]
[White "Kozhevnikov Evgraf (RUS)"]
[Black "Alpysbayeva Aigerim (KAZ)"]
[Result "0-1"]
[WhiteElo "1991"]
[BlackElo "1952"]

1.d4 Nf6 2.Nf3 e6 3.c4 c5 4.d5 exd5 5.cxd5 d6 6.Nc3 g6 7.e4 Bg7 8.Bg5 O-O
9.Bd3 a6 10.a4 Qc7 11.O-O Nbd7 12.Nd2 Ne5 13.Be2 Re8 14.h3 h6 15.Be3 Rb8 16.f4
Ned7 17.Qc2 Nh7 18.Bf2 g5 19.Bd3 gxf4 20.e5 Ndf8 21.exd6 Qxd6 22.Nde4 Rxe4
23.Nxe4 Qxd5 24.Rad1 Qh5 25.Qxc5 Qxc5 26.Bxc5 Be6 27.b4 Ng6 28.Be2 Bb3 29.Rd2
Bxa4 30.Bd6 Re8 31.Bf3 Bc6 32.Nc5 Bb5 33.Rc1 b6 34.Ne4 Ne5 {#R} 0-1

[Event "Memorial Izmailov (open)"]
[Site "masterchessopen.com - Tomsk (Russia)"]
[Date "2009.06.29"]
[Round "6"]
[White "Alpysbayeva Aigerim (KAZ)"]
[Black "Ismailov Mukhit (KAZ)"]
[Result "0-1"]
[WhiteElo "1952"]
[BlackElo "2037"]

1.d4 Nf6 2.c4 e6 3.Nc3 c5 4.d5 exd5 5.cxd5 d6 6.e4 g6 7.Nf3 Bg7 8.Bg5 h6 9.Bf4
a6 10.a4 Bg4 11.Be2 O-O 12.O-O Nh5 13.Be3 Nd7 14.h3 Bxf3 15.Bxf3 Nhf6 16.Be2
Qe7 17.Qc2 Rfe8 18.Bd3 Rac8 19.f3 c4 20.Be2 Nh5 21.Qd2 Ng3 22.Bxh6 Nxf1
23.Rxf1 Bf6 24.Bf4 Nc5 25.Nd1 b5 26.axb5 axb5 27.Ne3 Nb3 28.Qb4 Rc5 29.Ng4
Bxb2 30.Bd1 Bc1 31.Bxc1 Nxc1 32.Qc3 f5 33.Nf6+ Kf8 34.Nxe8 Nd3 35.Qh8+ Kf7
36.Qh7+ Kxe8 37.Qxg6+ Kd8 38.Qxf5 b4 39.Bc2 b3 40.Bxd3 cxd3 41.Ra1 Rc8 42.Qh5
Qf6 43.e5 dxe5 44.Qh7 b2 45.Qg8+ Kc7 46.d6+ Qxd6 47.Qf7+ Kd8 48.Qg8+ Kd7
49.Ra7+ Rc7 50.Qf7+ Kc6 51.Qe8+ Qd7 52.Qa8+ Kd6 53.Qf8+ Qe7 54.Qh6+ Kd7 {#R}
0-1

[Event "Ch Germany (seniors) (team)"]
[Site "masterchessopen.com - Finsterbergen (Germany)"]
[Date "2009.09.17"]
[Round "6"]
[White "Malich Burkhard Dr (GER)"]
[Black "Scheipl Ralf (GER)"]
[Result "1-0"]
[WhiteElo "2355"]
[BlackElo "2281"]

1.d4 Nf6 2.Nf3 e6 3.c4 c5 4.d5 exd5 5.cxd5 d6 6.Nc3 g6 7.e4 Bg7 8.Bg5 h6 9.Bh4
O-O 10.Nd2 a6 11.a4 b6 12.Be2 Nbd7 13.O-O Rb8 14.Qc2 g5 15.Bg3 Qe7 16.Nc4 Ne8
17.Bg4 Be5 18.Bxe5 dxe5 19.Nd1 Nef6 20.Bf5 Nh5 21.Nde3 Re8 22.d6 Qd8 23.Nd5
Ng7 24.Ne7+ Rxe7 25.dxe7 Qxe7 26.Rfd1 Nf6 27.Bxc8 {#r} 1-0

[Event "It (open)"]
[Site "masterchessopen.com - Marseilles (France)"]
[Date "2009.12.26"]
[Round "1"]
[White "Dieudegard Julien"]
[Black "Valles Manuel (FRA)"]
[Result "0-1"]
[WhiteElo "1620"]
[BlackElo "2142"]

1.d4 Nf6 2.Nf3 c5 3.d5 e6 4.c4 exd5 5.cxd5 d6 6.Nc3 g6 7.e4 Bg7 8.Bg5 O-O
9.Qd2 Re8 10.Bd3 Bg4 11.Nh4 c4 12.Bc2 b5 13.f3 h6 14.fxg4 hxg5 15.Nf3 b4
16.Ne2 Qb6 17.Nxg5 Bh6 18.Rf1 Nbd7 19.Qf4 b3 20.axb3 cxb3 21.Bd3 Qb4+ 22.Nc3
Bxg5 23.Qxg5 Nxe4 24.Bxe4 Rxe4+ 25.Kd1 Rxg4 26.Qe7 Qd4+ 27.Ke1 Ne5 28.Rd1 Qe3+
29.Ne2 Rxg2 30.Qf6 Qxe2# 0-1

[Event "It (open)"]
[Site "masterchessopen.com - Geneva (Switzerland)"]
[Date "2009.12.29"]
[Round "5"]
[White "Prunescu Claudiu (ROM)"]
[Black "Khanabiev Alexey (BLR)"]
[Result "1-0"]
[WhiteElo "2172"]
[BlackElo "1957"]

1.d4 c5 2.d5 e6 3.c4 Nf6 4.Nc3 exd5 5.cxd5 d6 6.e4 g6 7.Bg5 Bg7 8.Nf3 h6 9.Bh4
O-O 10.Nd2 b6 11.Bc4 Re8 12.O-O g5 13.Bg3 Ng4 14.Bb5 Re7 15.Nc4 Ne5 16.Bxe5
Bxe5 17.Nxe5 Rxe5 18.a4 g4 19.f4 gxf3 20.Qxf3 Qe7 21.Qf4 Rg5 22.a5 bxa5
23.Rxa5 Bh3 24.Rf2 h5 25.Ra1 Bd7 26.Raf1 Rg7 27.Qf6 Qe5 28.Qd8+ Qe8 29.Qxe8+
{#r} 1-0

[Event "Ch Slovenia (juniors) (under 16)"]
[Site "masterchessopen.com - Rogatska Slatina (Slovenia)"]
[Round "5"]
[White "Copi Ambroz (SLO)"]
[Black "Mejak Severin (SLO)"]
[Result "0-1"]
[WhiteElo "1592"]
[BlackElo "2036"]

1.d4 Nf6 2.c4 c5 3.d5 e6 4.Nc3 exd5 5.cxd5 d6 6.e4 g6 7.Bg5 Bg7 8.Nf3 O-O
9.Bd3 Re8 10.O-O a6 11.a4 b6 12.Re1 Bg4 13.h3 Bxf3 14.Qxf3 Nbd7 15.Qe2 Qc7
16.f3 Ne5 17.Bxa6 c4 18.Bb5 Rec8 19.Red1 Nd3 20.Bc6 Rab8 21.Nb5 Qe7 22.Rab1
Qe5 23.Be3 Nh5 24.Bd4 Qg3 25.Be3 Be5 26.Rxd3 cxd3 27.Qxd3 Rf8 28.Bd7 Qh2+
29.Kf2 Bg3+ 30.Kf1 Nf4 31.Bxf4 Qh1+ 32.Ke2 Qxg2+ 33.Kd1 Bxf4 34.Nd4 Qg1+
35.Ke2 Qg2+ 36.Kd1 Bh6 37.Nc6 Ra8 38.Qd4 Qxf3+ 39.Kc2 Bg7 40.Qc4 Qf2+ 41.Kb3
Qf3+ 42.Ka2 Rfe8 43.Bxe8 Rxe8 44.Re1 Qxh3 45.Qb4 Qg3 46.Rc1 Qf4 47.Rc4 Qf1
48.Qb5 Qf2 49.e5 Bxe5 50.Na7 Kg7 51.Rb4 Ra8 52.Nc6 Qc5 53.Qxc5 bxc5 54.Rc4 f5
55.Nxe5 dxe5 56.d6 Kf6 {#R} 0-1

[Event "Ch Netherlands (team) 2009/10"]
[Site "masterchessopen.com - Netherlands"]
[Date "2010.04.18"]
[Round "9"]
[White "Groffen Hans (NED)"]
[Black "Hupkes Jasper (NED)"]
[Result "1-0"]
[WhiteElo "2168"]
[BlackElo "1793"]

1.d4 Nf6 2.c4 c5 3.d5 e6 4.Nc3 exd5 5.cxd5 d6 6.Nf3 g6 7.e4 Bg7 8.Bg5 O-O
9.Nd2 Re8 10.Be2 Na6 11.O-O Nc7 12.a4 b6 13.f4 Qd7 14.h3 Ba6 15.Bxa6 Nxa6
16.Bh4 Nb4 17.a5 b5 18.f5 gxf5 19.Bxf6 Bxf6 20.Rxf5 Bg7 21.Qh5 a6 22.Raf1 f6
23.R1f4 Qf7 24.Qg4 Kh8 25.Rh5 Nd3 26.Rf1 Nxb2 27.Nf3 Qg8 28.Nh4 Qf7 29.Qf5 h6
30.e5 Rxe5 31.Ng6+ Kg8 32.Nxe5 dxe5 33.Rf3 Kh8 34.Ne4 Rf8 35.Nxc5 Qa7 36.Qg6
Qxc5+ 37.Kh2 Qe7 38.Rxh6+ Kg8 39.Rg3 Rf7 40.Qh7+ Kf8 41.Qh8+ Bxh8 42.Rxh8# 1-0

[Event "Tournament (open) \"]
[Site "masterchessopen.com - Athens (Greece)"]
[Date "2010.05.11"]
[Round "1"]
[White "Savoglou Nikolaos (GRE)"]
[Black "Sienczewski Zbigniew (POL)"]
[Result "0-1"]
[WhiteElo "1963"]
[BlackElo "2152"]

1.d4 c5 2.d5 Nf6 3.c4 e6 4.Nc3 exd5 5.cxd5 d6 6.Nf3 g6 7.e4 Bg7 8.Bg5 h6 9.Bh4
O-O 10.Nd2 Re8 11.Be2 Na6 12.O-O Nc7 13.a4 b6 14.Re1 a6 15.Qc2 Rb8 16.Nc4 b5
17.axb5 Nxb5 18.Nxb5 axb5 19.Nd2 Qb6 20.Bf3 Ng4 21.Bg3 Ne5 22.Be2 Bd7 23.f4
Ng4 24.Bxg4 Bxg4 25.e5 Bf5 26.Qd1 c4+ 27.Bf2 Qd8 28.Nf3 Bg4 29.Qd4 Bxf3
30.gxf3 g5 31.Bg3 gxf4 32.Bxf4 dxe5 {#R} 0-1

[Event "Cup Anatoly Ermak (open)"]
[Site "masterchessopen.com - Zaporozhje (Ukraine)"]
[Date "2010.06.28"]
[Round "9"]
[White "Poluektov Yury (RUS)"]
[Black "Kushch Nikolai (UKR)"]
[Result "1-0"]
[WhiteElo "2302"]
[BlackElo "2411"]

1.d4 Nf6 2.Nf3 e6 3.c4 c5 4.d5 exd5 5.cxd5 d6 6.Nc3 g6 7.e4 Bg7 8.Bg5 h6 9.Bh4
a6 10.Nd2 b5 11.a4 b4 12.Ncb1 O-O 13.Bd3 Re8 14.O-O Nbd7 15.f4 Qc7 16.Qc2 Rb8
17.Re1 Nh5 18.Rf1 Nhf6 19.Kh1 Nb6 20.Bxf6 Bxf6 21.a5 Nd7 22.Nc4 Bg7 23.Nbd2
Bb7 24.Nf3 Rbd8 25.Rae1 Qb8 26.Qf2 Rf8 27.f5 Nf6 28.g4 g5 29.h4 Nh7 30.hxg5
hxg5 31.Kg2 f6 32.Rh1 Rf7 33.Rh5 Bf8 34.Reh1 Rdd7 35.Nb6 Rde7 36.Nd2 Re8
37.Kf3 Ree7 38.Ndc4 Rc7 39.Qh2 Qd8 40.Qe2 Qb8 41.Nd2 Qa7 42.Bc4 Rce7 43.Ke3
Rc7 44.Kd3 Rce7 45.Kc2 Kh8 46.R1h3 Rc7 47.Rh2 Rg7 48.Qd3 Rcf7 49.Rh6 Be7 50.e5
dxe5 51.d6 Bd8 52.Bxf7 Rxf7 53.Qh3 {#r} 1-0

[Event "Tournament (scheveningen)"]
[Site "masterchessopen.com - Kefar Sava (Israel)"]
[Date "2010.07.01"]
[Round "10"]
[White "Zilberman Yaacov (ISR)"]
[Black "Levine Yonatan (ISR)"]
[Result "1-0"]
[WhiteElo "2462"]
[BlackElo "2080"]

1.d4 Nf6 2.c4 e6 3.Nc3 c5 4.d5 exd5 5.cxd5 g6 6.e4 d6 7.Nf3 Bg7 8.Bg5 a6 9.Nd2
O-O 10.a4 h6 11.Bh4 Nbd7 12.Be2 Qc7 13.O-O Nh7 14.f4 g5 15.Bg3 Re8 16.Bh5 Rf8
17.fxg5 hxg5 18.Nc4 Bd4+ 19.Kh1 Ne5 20.Bxe5 dxe5 21.Bg4 Bxg4 22.Qxg4 b5
23.axb5 axb5 24.Nxb5 {#r} 1-0

[Event "Ch Greece (juniors) (under 14)"]
[Site "masterchessopen.com - Kallithea (Greece)"]
[Date "2010.07.02"]
[Round "9"]
[White "Papadopoulos Panayotis (GRE)"]
[Black "Litsas Panagiotis (GRE)"]
[Result "1-0"]
[WhiteElo "2007"]
[BlackElo "1663"]

1.d4 Nf6 2.c4 c5 3.d5 e6 4.Nc3 exd5 5.cxd5 d6 6.e4 g6 7.Nf3 Bg7 8.Bg5 Bg4
9.Bb5+ Bd7 10.Be2 O-O 11.Nd2 Qc7 12.O-O a6 13.a4 b6 14.h3 Bc8 15.Qb3 Nbd7
16.f4 Rb8 17.Rfe1 Re8 18.Kh2 h6 19.Bh4 Nh7 20.Bf2 Nhf6 21.Bh4 Nh7 22.Bf2 Nhf6
23.g3 g5 24.Bf3 Nf8 25.Nc4 N6d7 26.h4 Nh7 27.Re2 Bb7 28.Kg2 Rbd8 29.Rae1 Bc8
30.Qc2 Qb8 31.Kg1 Bb7 32.Qd3 Ba8 33.Ne3 Bb7 34.Nf5 Bf8 35.Qd2 gxf4 36.gxf4 Bc8
37.Ne3 Ndf6 38.Kh1 Kh8 39.Qd3 Bg7 40.Rg1 Rg8 41.Nc4 Nd7 42.Bh5 Rdf8 43.Bg3
Ndf6 44.Bf3 Ne8 45.Kh2 Nhf6 46.Ne3 Nh7 47.Rgg2 Bd7 48.Qxa6 Nc7 49.Qd3 b5 50.b3
bxa4 51.bxa4 Qb4 52.Ned1 Nf6 53.e5 Ng4+ 54.Bxg4 Bxg4 55.Rb2 Qa5 56.Ne3 Bc8
57.Qc2 Ne8 58.Rb5 Qd8 59.Rb1 Qe7 60.Nf5 Bxf5 61.Qxf5 Nc7 62.Rb7 Qd8 63.Rgb2
Qc8 64.Qxc8 Rxc8 65.Ne4 {#r} 1-0

[Event "Tournament (open)"]
[Site "masterchessopen.com - Berdsk (Russia)"]
[Date "2010.07.11"]
[Round "4"]
[White "Krenev Daniil (RUS)"]
[Black "Kiryushkin Aleksandr (RUS)"]
[Result "0-1"]
[WhiteElo "1742"]
[BlackElo "2016"]

1.d4 Nf6 2.c4 c5 3.d5 e6 4.Nc3 exd5 5.cxd5 d6 6.Bg5 g6 7.Nf3 Bg7 8.e4 a6 9.a4
Bg4 10.h3 Bxf3 11.Qxf3 Nbd7 12.Qd1 O-O 13.Bd3 Re8 14.O-O Rb8 15.Qc2 Qc7 16.Qd2
c4 17.Bc2 b5 18.axb5 axb5 19.f3 Nc5 20.Be3 Nfd7 21.Bd4 Qb6 22.Bxg7 Nb3+ 23.Qf2
Qxf2+ 24.Kxf2 Nxa1 25.Bd4 Nxc2 26.Ba7 Rb7 {#R} 0-1

[Event "Memorial J.Capablanca (open)"]
[Site "masterchessopen.com - Fortaleza (Brazil)"]
[Date "2010.11.23"]
[Round "5"]
[White "Amorim Marcio Felipe de Medeiros"]
[Black "Lucena Silvio (BRA)"]
[Result "0-1"]
[WhiteElo "2109"]
[BlackElo "2140"]

1.d4 Nf6 2.c4 e6 3.Nc3 c5 4.d5 exd5 5.cxd5 d6 6.e4 g6 7.Bg5 Bg7 8.Nf3 O-O
9.Bd3 a6 10.a4 Bg4 11.O-O Nbd7 12.h3 Bxf3 13.Qxf3 Qc7 14.a5 Ne5 15.Qe2 Nxd3
16.Qxd3 Nd7 17.f4 b5 18.axb6 Qxb6 19.Qc2 Rfb8 20.Ra2 c4+ 21.Kh1 Nc5 22.Qe2 Nd3
23.e5 dxe5 24.fxe5 Nxe5 25.Bf4 Qd4 26.Be3 Qh4 27.Rf4 Qd8 28.Bd4 Nd3 29.Bxg7
Nxf4 30.Qe5 Nh5 31.Bh6 Qf6 32.Qe3 Re8 33.Qf3 Re1+ 34.Kh2 Qd4 35.Ne2 Qe5+
36.Nf4 Re3 37.Qg4 f5 38.Qh4 Re4 39.g3 Nxf4 40.gxf4 Re2+ 41.Kg1 Qe3+ 42.Kf1
Qf3+ {#R} 0-1

[Event "Tournament (open)"]
[Site "masterchessopen.com - Backa Topola (Serbia)"]
[Date "2010.11.26"]
[Round "5"]
[White "Szabo Nikita (SRB)"]
[Black "Vadoc Karolj (SRB)"]
[Result "0-1"]
[WhiteElo "1577"]
[BlackElo "2002"]

1.d4 Nf6 2.c4 e6 3.Nc3 c5 4.d5 exd5 5.cxd5 d6 6.e4 g6 7.Nf3 Bg7 8.Bg5 O-O
9.Bd3 a6 10.a4 Nbd7 11.O-O Re8 12.Nd2 h6 13.Bh4 Qc7 14.Nc4 Ne5 15.Nxe5 Rxe5
16.Bg3 Re8 17.Re1 Nh5 18.Qf3 Nxg3 19.Qxg3 Bd7 20.Re2 b5 21.axb5 axb5 22.Ree1
c4 23.Bc2 b4 24.Ne2 b3 25.Rxa8 Rxa8 26.Bb1 Bxb2 27.Nf4 Be5 28.Qf3 Ra1 {#R} 0-1

[Event "Memorial I.Bocharov (open)"]
[Site "masterchessopen.com - Borisoglebsk (Russia)"]
[Date "2011.04.01"]
[Round "3"]
[White "Skomorohov Grigorij (RUS)"]
[Black "Titov Sergey (RUS)"]
[Result "1-0"]
[WhiteElo "2204"]
[BlackElo "2001"]

1.d4 Nf6 2.c4 c5 3.d5 e6 4.Nc3 exd5 5.cxd5 d6 6.e4 g6 7.Bg5 Bg7 8.Nf3 h6 9.Bh4
a6 10.a4 g5 11.Bg3 Nh5 12.Nd2 Nxg3 13.hxg3 Nd7 14.Be2 Ne5 15.g4 Qd7 16.a5 Qc7
17.g3 Rb8 18.Nf1 b5 19.Ne3 c4 20.Qc2 Bd7 21.Ncd1 Qc5 22.O-O h5 23.gxh5 g4
24.Nf5 Bxf5 25.exf5 Qxd5 26.Nc3 Qc6 27.Rad1 Rxh5 28.Nd5 Kd7 29.f6 {#r} 1-0

[Event "It (open)"]
[Site "masterchessopen.com - Maceio (Brazil)"]
[Date "2011.05.28"]
[Round "4"]
[White "Alves Luciano"]
[Black "Miranda Jayme (BRA)"]
[Result "0-1"]
[WhiteElo "1783"]
[BlackElo "2105"]

1.d4 Nf6 2.c4 c5 3.d5 e6 4.Nc3 exd5 5.cxd5 d6 6.e4 g6 7.Bg5 Bg7 8.Nf3 a6 9.a4
O-O 10.Ne2 Nbd7 11.h3 Re8 12.Nc1 Rb8 13.Be2 Qc7 14.O-O c4 15.Na2 b5 16.axb5
axb5 17.Qc1 Kf8 18.Nb4 Qc5 19.Be3 Qxb4 20.Ba7 Rb7 21.Qe3 Nc5 22.e5 Rxe5
23.Bxc5 Qxc5 24.Qxc5 dxc5 25.Ra8 Re8 26.Ne5 {#R} 0-1

[Event "Memorial Czerniak (scheveningen)"]
[Site "masterchessopen.com - Tel Aviv (Israel)"]
[Date "2011.06.01"]
[Round "9"]
[White "Zilberman Yaacov (ISR)"]
[Black "Weiss Yonatan (ISR)"]
[Result "1-0"]
[WhiteElo "2423"]
[BlackElo "1857"]

1.d4 Nf6 2.c4 c5 3.d5 e6 4.Nc3 exd5 5.cxd5 d6 6.e4 g6 7.Nf3 Bg7 8.Bg5 O-O
9.Nd2 Na6 10.Be2 Rb8 11.O-O Nc7 12.a4 a6 13.a5 Bd7 14.f4 Re8 15.Re1 h6 16.Bh4
g5 17.fxg5 Nh7 18.gxh6 Bd4+ 19.Bf2 Bxf2+ 20.Kxf2 Qh4+ 21.Kg1 Qxh6 22.Bg4 Bxg4
23.Qxg4+ Qg5 24.Qxg5+ Nxg5 25.Nc4 Rbd8 26.Re3 f6 27.Rf1 Nb5 28.Nd2 Kf7 29.h4
Nh7 30.Kh2 Nd4 31.g4 Kg6 32.Nc4 Nf8 33.Kh3 Re7 34.Rf2 Rh7 35.Ne2 Nxe2 36.Rfxe2
Kg7 37.Kg3 Ng6 38.h5 Nh8 39.Rb3 Rd7 40.Ne3 Nf7 41.Nf5+ Kf8 42.Rb6 Ne5 43.Rxd6
Rxd6 44.Nxd6 Rg7 45.Kh3 Rxg4 46.Nxb7 Rg5 47.Nxc5 Rxh5+ 48.Kg3 Nc4 49.b4 f5
50.e5 Rh6 51.Kf4 Rh4+ 52.Kxf5 Rh5+ 53.Kg6 Rxe5 54.Nd7+ {#r} 1-0

[Event "It (open)"]
[Site "masterchessopen.com - Marseilles (France)"]
[Date "2011.12.27"]
[Round "4"]
[White "Abel Thierry (FRA)"]
[Black "Massardo Quentin"]
[Result "1-0"]
[WhiteElo "1761"]
[BlackElo "1544"]

1.Nf3 Nf6 2.d4 e6 3.c4 c5 4.d5 exd5 5.cxd5 d6 6.Nc3 g6 7.Bg5 Bg7 8.e4 O-O
9.Bd3 a6 10.a4 Re8 11.O-O Nbd7 12.Nd2 Ne5 13.Nc4 Nxc4 14.Bxc4 Qb6 15.Qd3 Ng4
16.Bd2 Ne5 17.Qe2 Nxc4 18.Qxc4 Qxb2 19.Ra2 Qb6 20.Rb1 Qd8 21.a5 Qh4 22.g3 Qf6
23.Qe2 h5 24.Kg2 h4 25.f3 hxg3 26.hxg3 Re5 27.g4 Re8 28.Nd1 Qe7 29.Nf2 Rb8
30.Rb6 Bd4 31.Bf4 Be5 32.Bxe5 Qxe5 33.Nd3 Qe7 34.Ra1 Bd7 35.Rh1 Bb5 36.Qb2 f6
37.Nf4 g5 38.Ne6 Bd7 39.Nxg5 Qg7 40.Nh7 Re5 41.Rxd6 Re7 42.Nxf6+ Kf8 43.Nxd7+
{#r} 1-0

[Event "Czech League 2011/12 (2nd) (a)"]
[Site "masterchessopen.com - Czech Republic"]
[Date "2012.02.05"]
[Round "7"]
[White "Landa Jiri (CZE)"]
[Black "Sedlacek Jiri (CZE)"]
[Result "0-1"]
[WhiteElo "1959"]
[BlackElo "2049"]

1.d4 Nf6 2.c4 c5 3.d5 e6 4.Nc3 exd5 5.cxd5 d6 6.Nf3 g6 7.Bg5 Bg7 8.e4 O-O
9.Bd3 h6 10.Bf4 b5 11.O-O Nh5 12.Be3 a6 13.Qc1 Kh7 14.Nd2 Nf6 15.a4 b4 16.Ne2
a5 17.Nc4 Ba6 18.f3 Nbd7 19.Rb1 Qe7 20.Bf4 Bxc4 21.Bxc4 Nb6 22.Bb5 Nh5 23.Ng3
Nxf4 24.Qxf4 Be5 25.Qd2 Rac8 26.b3 c4 27.Qe3 Qf6 28.Ne2 Qd8 29.Nd4 Qf6 30.Ne2
Qd8 31.Nd4 cxb3 32.Nc6 Qc7 33.Nxe5 dxe5 34.Rfc1 Qd6 35.Bc6 Nd7 36.Rxb3 Rc7
37.Kf2 Rfc8 38.Bxd7 Qxd7 39.Rxc7 Rxc7 40.Qd3 Qxa4 41.d6 Rd7 42.Qd5 Qa2+ 43.Kg3
Qc2 44.h3 Qc1 45.Kh2 Qf4+ 46.Kg1 Qh4 47.Rb1 Qd8 48.Ra1 Qb6+ 49.Kh2 Qxd6
50.Rxa5 Qxd5 51.exd5 Rb7 52.Ra2 b3 53.Rb2 Kg7 54.Kg3 Kf6 55.Kf2 Ke7 56.Ke3 Kd6
57.Ke4 Rb4+ 58.Kd3 Kxd5 59.Kc3 Kc5 60.g3 Rb7 61.Rb1 b2 62.g4 h5 63.g5 h4
64.Kd3 Kd5 65.Ke3 Rb3+ 66.Ke2 Ke6 {#R} 0-1

[Event "It (open)"]
[Site "masterchessopen.com - Balaguer (Spain)"]
[Date "2012.07.20"]
[Round "5"]
[White "Sole Pijuan Ferran (ESP)"]
[Black "Valera Munoz Alexis (ESP)"]
[Result "1-0"]
[WhiteElo "1539"]
[BlackElo "1398"]

1.d4 Nf6 2.c4 c5 3.d5 e6 4.Nc3 exd5 5.cxd5 d6 6.e4 g6 7.Nf3 Bg7 8.Bg5 O-O
9.Bd3 Bg4 10.h3 Bxf3 11.Qxf3 Nbd7 12.Qe3 Rb8 13.O-O a6 14.Bh6 b5 15.Bxg7 Kxg7
16.a3 Re8 17.Rfe1 Ne5 18.f4 Nxd3 19.Qxd3 Nd7 20.Qg3 Qc7 21.Rac1 f6 22.Nd1 Re7
23.Ne3 Rbe8 24.Nf5+ Kg8 25.Nxe7+ Rxe7 26.f5 g5 27.h4 Rg7 28.hxg5 Rxg5 29.Qc3
Ne5 30.Re3 Qg7 31.Rc2 Kf8 32.Qa5 Nc4 33.Qd8+ Kf7 34.Qd7+ Kf8 35.Qxg7+ Kxg7
36.Rec3 Ne5 37.Kf2 Kf7 38.Rg3 h6 39.Rxg5 hxg5 40.Ke3 Kg7 41.Rc1 Kf7 42.b3 Kg7
43.Rh1 Nd7 44.Ra1 Kh6 45.Kf3 Ne5+ 46.Ke2 Kg7 47.b4 Nd7 48.a4 cxb4 49.axb5 axb5
50.Ra7 {#r} 1-0

[Event "Ch Romania (team) (superliga) (w)"]
[Site "masterchessopen.com - Mamaia (Romania)"]
[Date "2012.09.25"]
[Round "4"]
[White "Ilie Maria-Ruxandra (ROM)"]
[Black "Padurariu Ioana-Smaranda (ROM)"]
[Result "1-0"]
[WhiteElo "1986"]
[BlackElo "2236"]

1.d4 Nf6 2.Nf3 e6 3.c4 c5 4.d5 d6 5.Nc3 exd5 6.cxd5 g6 7.e4 Bg7 8.Bg5 h6 9.Bh4
a6 10.Nd2 g5 11.Bg3 b5 12.a4 b4 13.Ncb1 O-O 14.Bd3 Qe7 15.O-O Nbd7 16.Nc4 Ne8
17.Nbd2 Ne5 18.Nxe5 Bxe5 19.Nc4 Bxg3 20.hxg3 Ng7 21.Qe2 Bb7 22.e5 dxe5 23.d6
Qe6 24.Qxe5 Qxe5 25.Nxe5 Rad8 26.Rad1 Ne6 27.Rfe1 Nd4 28.d7 Kg7 29.Bc4 f6
30.Nd3 Rxd7 31.Nxc5 Rfd8 32.Nxd7 Rxd7 33.Rd3 Kf8 34.Red1 Ne2+ 35.Kf1 Rxd3
36.Bxd3 Nd4 37.Bc4 Nf5 38.Rd7 Bc6 39.Rf7+ Ke8 40.Rxf6 {#r} 1-0